| 000 | 00526nam a2200097Ia 4500 | ||
|---|---|---|---|
| 008 | 170517s9999 xx 000 0 und d | ||
| 245 | _aMillionaire Basement Wars | ||
| 300 | _aEven viewers who revel in witnessing the luxurious lifestyles of the outrageously wealthy may be surprised to discover the latest trend currently sweeping the home design industry in London. For those with a sizeable pocketbook and a bit of... | ||
| 650 | _xBusiness and Economics. | ||
| 856 | _uhttp://topdocumentaryfilms.com/millionaire-basement-wars/ | ||
| 999 |
_c333277 _d333277 |
||